LEADER 01171nam a2200277 u 4500 001 000000000629 003 CaOOAMICUS 005 20070226104225.0 008 940517s1990 it u000 u ita u 020 $a88-246-0703-9 035 $a10011857 040 $aPUL(R)$bita 245 00$aMetafisica, anti-metafisica, post-metafisica :$blineamenti di ontologia /$cAugusto Cavadi ... [et 4 al.]. 260 $aPalermo :$bEdizioni Augustinus,$cc1990. 300 $a387 p. ;$c20 cm 490 1 $aFilosofia per problemi ;$v3 650 4$aMetafisica.$0(OLS)http://pul/subject/433 700 1 $aCavadi, Augusto.$0(OLS)http://pul/name/701 830 0$aFilosofia per problemi ;$v3.$0(OLS)http://pul/title/699 850 $aPUL 852 $aPUL$W1$xDP1 Fondo Giannini$y60$m1555 C 31$j806$nBK-PRI$b $qFondi$B806$CPULBib$Z2$F806 $H $81 941 1 $a1 961 $aINV: Fondo Giannini 996 $6020$a88-246-0703-9$9(OLS)http://pul/number/813 996 $6245$aMetafisica, anti-metafisica, post-metafisica :$blineamenti di ontologia$9(OLS)http://pul/title/870 996 $6260$aPalermo :$bEdizioni Augustinus$9(OLS)http://pul/publisher/48236 LEADER 02104nam a2200373 u 4500 001 000000015491 003 CaOOAMICUS 005 20070226105903.0 008 950403m19631972vc u000 u fre u 035 $a10362580 040 $aBAV$bita$dIAR 041 0 $alat$afre 130 0 $aPontificale romano-germanicum.$fSec. X.$0(OLS)http://pul/title/22227 245 13$aLe Pontifical romano-germanique du dixième siècle /$cCyrille Vogel en collaboration avec Reinhard Elze. 260 $aCittà del Vaticano :$bBiblioteca Apostolica Vaticana,$c1963-1972. 300 $a3 v. ;$c26 cm 490 1 $aStudi e testi ;$v226, 227, 269 500 $aVol. 1-2: Avec utilisation des collations laissées par Mgr. M. Andrieu. 504 $aBibliografia: v. 1, p. xxiii-xxx. 505 0 $av. 1. Le texte. I. (nn. 1-XCVIII). -- v. 2. Le texte. II. (nn. XCIX-CCLVIII). -- v. 3. Introduction générale et tables. 700 1 $aVogel, Cyrille,$d1919-1982.$0(OLS)http://pul/name/14241 700 1 $aAndrieu, Michel,$csac.,$d1886-1956,$q(Germain Clément Michel).$0(OLS)http://pul/name/1789 700 1 $aElze, Reinhard,$d1922-2002.$0(OLS)http://pul/name/2883 830 0$aStudi e testi (Biblioteca apostolica vaticana) ;$v226-227, 269.$0(OLS)http://pul/title/1077 850 $aPUL 852 $aPUL$W1$xDP1 Cons. Gen., Altre Classi 1$y22$m158 F 226-227,269$j21703$nBK-PRI$b $qStampati$B21703$CPULBib$Z2$F21703 $H $81 852 $aPUL$W1$xDP1 Cons. Gen., Altre Classi 1$y22$m158 F 226-227,269$j21703$nBK-PRI$b $qStampati$B21704$CPULBib$Z2$F21704 $H $81 852 $aPUL$W1$xDP1 Cons. Gen., Altre Classi 1$y22$m158 F 226-227,269$j21703$nBK-PRI$b $qStampati$B21705$CPULBib$Z2$F21705 $H $81 941 1 $a8 961 $aINV: 23646-47, 961 $aINV: 23646-47, 961 $aINV: 23646-47, 996 $6245$aLe Pontifical romano-germanique du dixième siècle$9(OLS)http://pul/title/22228 996 $6260$aCittà del Vaticano :$bBiblioteca Apostolica Vaticana$9(OLS)http://pul/publisher/48729 LEADER 01078nam a2200265 u 4500 001 000000075998 003 CaOOAMICUS 005 20070226123148.0 008 031103s1997 it u000 u ita u 020 $a8834871634 035 $a10974729 040 $aPUL(R)$bita 100 1 $aVignudelli, Aljs.$0(OLS)http://pul/name/50555 245 10$aDiritto costituzionale :$bprolegomeni, principi, dinamiche /$cAljs Vignudelli. 260 $aTorino :$bG. Giappichelli,$cc1997. 300 $axii, 290 p. ;$c24 cm 500 $aComprende indici. 504 $aBibliografia in nota. 650 4$aDiritto costituzionale.$0(OLS)http://pul/subject/1174 850 $aPUL 852 $aPUL$W1$xDP2 Cons. Gen., Altre Classi 1$y61$m1384 H 2$j97670$nBK-PRI$b $qStampati$B97670$CPULBib$Z2$F97670 $H77326 $81 941 1 $a8 996 $6020$a8834871634$9(OLS)http://pul/number/99500 996 $6245$aDiritto costituzionale :$bprolegomeni, principi, dinamiche$9(OLS)http://pul/title/99668 996 $6260$aTorino :$bG. Giappichelli$9(OLS)http://pul/publisher/49130